Využitie motora na stlačený vzduch v dopravných prostriedkoch

Salvato in:
Dettagli Bibliografici
Autore principale: Mendel, Samuel (Autore)
Altri autori: Chríbik, Andrej (Relatore della tesi)
Natura: Manoscritto Libro
Lingua:slovacco
Pubblicazione: 2016
Soggetti:
Accesso online:http://is.stuba.sk/zp/portal_zp.pl?podrobnosti=133069
Tags: Aggiungi Tag
Nessun Tag, puoi essere il primo ad aggiungerne!!

MARC

LEADER 00000ntm a22000003a 4500
001 stuzp56862
003 SK-STU
005 20160719155115.2
007 ta
008 150427s2015----xo-----f-mn---000-0-slo-d
040 |a STU  |b slo 
041 0 |a slo 
100 1 |a Mendel, Samuel  |u 020030  |4 aut  |U SjF Strojnícka fakulta  |T SjF Ústav dopravnej techniky a konštruovania  |X 63045  |U J0030  |Y 806  |7 63045 
242 0 1 |a Usage of Compressed Air Engine in Vehicles  |y eng 
245 1 0 |a Využitie motora na stlačený vzduch v dopravných prostriedkoch 
260 |c 2016 
650 4 |a stlačený vzduch  |2 slo 
650 4 |a motor na stlačený vzduch  |2 slo 
650 4 |a MDI  |2 slo 
650 4 |a kľukový mechanizmus  |2 slo 
650 4 |a compressed air  |2 eng 
650 4 |a pneumatic engine  |2 eng 
650 4 |a MDI  |2 eng 
650 4 |a crank mechanism  |2 eng 
700 1 |a Chríbik, Andrej  |u 020030  |k Z1  |4 ths  |U SjF Strojnícka fakulta  |T SjF Ústav dopravnej techniky a konštruovania  |X 26808  |U J0030  |Y 806  |7 A000026808 
856 4 |u http://is.stuba.sk/zp/portal_zp.pl?podrobnosti=133069 
996 |b 284J044920  |c J* 2550/BP  |l JJSK  |s A  |a 24  |w stuzp56862_0001 
SQL |a stuzp56862  |b DBP  |c SLO  |d Využitie motora na stlačený vzduch v dopravných prostriedkoch  |e 63045  |f Mendel, Samuel  |g 020030  |h 26808  |i Chríbik, Andrej  |j 20160614  |k 1125  |l 02  |m http://is.stuba.sk/zp/portal_zp.pl?podrobnosti=133069  |n B-AMPS  |o 5.2.3. dopravné stroje a zariadenia